กลยุทธ์ HR ที่จับต้องได้ (Record no. 37589)
[ view plain ]
| 000 -LEADER | |
|---|---|
| fixed length control field | 02485nam a22002417a 4500 |
| 003 - CONTROL NUMBER IDENTIFIER | |
| control field | TH-BaNU |
| 005 - DATE AND TIME OF LATEST TRANSACTION | |
| control field | 20230403113546.0 |
| 008 - FIXED-LENGTH DATA ELEMENTS--GENERAL INFORMATION | |
| fixed length control field | 230403b2008 TH ||||| |||| 00| 0 tha d |
| 020 ## - INTERNATIONAL STANDARD BOOK NUMBER | |
| International Standard Book Number | 9789744432339 |
| 040 ## - CATALOGING SOURCE | |
| Original cataloging agency | TH-BaNU |
| 100 ## - MAIN ENTRY--PERSONAL NAME | |
| Personal name | วิโรจน์ ลักขณาอดิศร |
| 245 ## - TITLE STATEMENT | |
| Title | กลยุทธ์ HR ที่จับต้องได้ |
| 250 ## - EDITION STATEMENT | |
| Edition statement | พิมพ์ครั้งที่ 4 |
| 260 ## - PUBLICATION, DISTRIBUTION, ETC. | |
| Place of publication, distribution, etc. | กรุงเทพฯ: |
| Name of publisher, distributor, etc. | สสท. สมาคมส่งเสริมเทคโนโลยี (ไทย-ญี่ปุ่น): |
| Date of publication, distribution, etc. | 2551 |
| 300 ## - PHYSICAL DESCRIPTION | |
| Extent | 217 หน้า |
| 520 ## - SUMMARY, ETC. | |
| Summary, etc. | นำเสนอวิธีจัดการด้านการบริหารทรัพยากรมนุษย์ที่นำไปปฏิบัติได้จริง แนะนำวิธีดำเนินการและแก้ไขปัญหาให้สอดคล้องกับการวางยุทธศาสตร์ขององค์กร (Corporate Strategy) เพื่อสนับสนุนศักยภาพในการแข่งขันที่ยั่งยืน<br/>เนื่องจาก “คน” เป็นกลไกสำคัญในการขับเคลื่อนองค์กรให้เป็นไปตามกลยุทธ์ที่วางไว้ ดังนั้นองค์กรที่สามารถดึงศักยภาพที่บุคลากรมีอยู่มาใช้ประโยชน์ได้อย่างคุ้มค้า และรู้จักพัฒนาความสามารถของบุคลากรให้กลายเป็นความสามารถขององค์กรได้ ก็จะมีความได้เปรียบองค์กรอื่นอย่างมหาศาล<br/>เหมาะสำหรับผู้บริหารและผู้ที่เกี่ยวข้องในสาขา HR รวมถึงนักศึกษาด้านการบริหารจัดการ |
| 650 ## - SUBJECT ADDED ENTRY--TOPICAL TERM | |
| Topical term or geographic name entry element | การพัฒนาทรัพยากรมนุษย์ |
| 650 ## - SUBJECT ADDED ENTRY--TOPICAL TERM | |
| Topical term or geographic name entry element | การบริหาร |
| 850 ## - HOLDING INSTITUTION | |
| Holding institution | Kuakarun Nursing Library |
| 856 ## - ELECTRONIC LOCATION AND ACCESS | |
| Uniform Resource Identifier | <a href="https://se-ed.belibcloud.com/book-detail/18228">https://se-ed.belibcloud.com/book-detail/18228</a> |
| Link text | se-ed e-library |
| 942 ## - ADDED ENTRY ELEMENTS (KOHA) | |
| Source of classification or shelving scheme | Local Classification |
| Koha item type | Electronic books |
| 998 ## - STAFF NAME (NMU) | |
| Cataloger | bee |
| Withdrawn status | Lost status | Source of classification or shelving scheme | Damaged status | Not for loan | Home library | Current library | Shelving location | Date acquired | Total Checkouts | Barcode | Date last seen | Price effective from | Koha item type |
|---|---|---|---|---|---|---|---|---|---|---|---|---|---|
| Local Classification | Online Access | Kuakarun Nursing Library | Kuakarun Nursing Library | Processing unit | 03/04/2023 | eb37589 | 03/04/2023 | 03/04/2023 | Electronic books |
